000 00931nas a2200301 4500
001 BR2014008108
003 BR-BrBNA
005 20231205124837.0
007 ta
008 230509b bl.|||p| |||| 00| 00por d
040 _aBR-BrBNA
_bpor
_cBiblioteca Nacional de Agricultura
041 _a(Pt)
072 _aQ03
100 1 _atebaldi, V.M.R.
100 1 _aOliveira, T.L.C. de
100 1 _aCosta, G.M. da
100 1 _aPiccoli, R.H.
245 1 _aIdentificação e perfil de resistência a antibióticos de bactérias isoladas de leite cru no sul de Minas Gerais
650 _aLEITE
650 _aCONSUMO
650 _aVALOR NUTRITIVO
650 _aCONTAMINAÇÃO
650 _aBACTÉRIA
650 _aCONTROLE DE QUALIDADE
773 0 _tHigiene Alimentar (Brazil)
_xISSN 0101-9171
_g(Jul-Aug 2013), v. 27(222-223) p. 136-143
_wBR2014008108
909 _a202311
_bLúcia
_c55
_dLúcia Elande
942 _2AGRIS
_n0
_cANA
999 _c241199
_d241199